| 000 | 00431nam a22001697a 4500 | ||
|---|---|---|---|
| 003 | CEME | ||
| 005 | 20210628204947.0 | ||
| 008 | 210222b xxu||||| |||| 00| 0 eng d | ||
| 020 | _a0-201-63378-7 | ||
| 040 | _c. | ||
| 082 | _a004.68 NEL'P | ||
| 100 |
_aIllingworth, W. T Nelson, M. Mccord _973047 |
||
| 245 | _aA practical guide to neural nets | ||
| 260 |
_aNEWYOR _bADDISON WESLEY _c1991 |
||
| 300 | _a328P | ||
| 942 |
_cBK _2ddc |
||
| 999 |
_c578935 _d578935 |
||